<?xml version="1.0" encoding="UTF-8"?>
<record
    xmlns:xsi="http://www.w3.org/2001/XMLSchema-instance"
    xsi:schemaLocation="http://www.loc.gov/MARC21/slim http://www.loc.gov/standards/marcxml/schema/MARC21slim.xsd"
    xmlns="http://www.loc.gov/MARC21/slim">

  <leader>01298nam a2200289 a 4500</leader>
  <controlfield tag="003">OSt</controlfield>
  <controlfield tag="005">20240607084058.0</controlfield>
  <controlfield tag="007">cr ||||||a|c|a</controlfield>
  <controlfield tag="008">240122s2021    mx a|||fom||| 001 0 spa d</controlfield>
  <datafield tag="040" ind1=" " ind2=" ">
    <subfield code="e">rda</subfield>
  </datafield>
  <datafield tag="100" ind1="1" ind2=" ">
    <subfield code="9">188542</subfield>
    <subfield code="a">Pineda Gleason, Jos&#xE9; Roberto</subfield>
  </datafield>
  <datafield tag="245" ind1="1" ind2="0">
    <subfield code="a">Producci&#xF3;n de huitlacoche [Ustilago maydis (D. C.) Corda] en ma&#xED;ces h&#xED;bridos y criollos de temporal en San Mateo Actipan, Calpulalpan, Tlaxcala /</subfield>
    <subfield code="c">por Jos&#xE9; Roberto Pineda Gleason ; director de tesis Jos&#xE9; Cruz Salazar Torres.</subfield>
  </datafield>
  <datafield tag="264" ind1=" " ind2="1">
    <subfield code="a">Chapingo, M&#xE9;xico :</subfield>
    <subfield code="b">El autor,</subfield>
    <subfield code="c">2021.</subfield>
  </datafield>
  <datafield tag="300" ind1=" " ind2=" ">
    <subfield code="a">1 recurso en l&#xED;nea (77 p&#xE1;ginas):</subfield>
    <subfield code="b">figuras, cuadros,</subfield>
  </datafield>
  <datafield tag="336" ind1=" " ind2=" ">
    <subfield code="2">rdacontent</subfield>
    <subfield code="a">texto</subfield>
    <subfield code="b">txt</subfield>
  </datafield>
  <datafield tag="337" ind1=" " ind2=" ">
    <subfield code="2">rdamedia</subfield>
    <subfield code="a">computadora</subfield>
    <subfield code="b">c</subfield>
  </datafield>
  <datafield tag="338" ind1=" " ind2=" ">
    <subfield code="2">rdacarrier</subfield>
    <subfield code="a">recurso en l&#xED;nea</subfield>
    <subfield code="b">cr</subfield>
  </datafield>
  <datafield tag="502" ind1=" " ind2=" ">
    <subfield code="b">IAEPA</subfield>
    <subfield code="c">Parasitolog&#xED;a</subfield>
    <subfield code="d">2021.</subfield>
    <subfield code="g">LIC</subfield>
  </datafield>
  <datafield tag="504" ind1=" " ind2=" ">
    <subfield code="a">Incluye referencias bibliogr&#xE1;ficas: p&#xE1;ginas 60-67.</subfield>
  </datafield>
  <datafield tag="650" ind1=" " ind2="4">
    <subfield code="9">70983</subfield>
    <subfield code="a">Ma&#xED;z</subfield>
    <subfield code="x">Inoculaci&#xF3;n</subfield>
  </datafield>
  <datafield tag="650" ind1=" " ind2="4">
    <subfield code="9">186395</subfield>
    <subfield code="a">Huitlacoche</subfield>
    <subfield code="x">Producci&#xF3;n</subfield>
  </datafield>
  <datafield tag="650" ind1=" " ind2="4">
    <subfield code="9">130854</subfield>
    <subfield code="a">Ma&#xED;z criollo</subfield>
    <subfield code="x">Rendimiento</subfield>
  </datafield>
  <datafield tag="650" ind1=" " ind2="4">
    <subfield code="9">130854</subfield>
    <subfield code="a">Ma&#xED;z criollo</subfield>
    <subfield code="x">Rendimiento</subfield>
  </datafield>
  <datafield tag="700" ind1="1" ind2=" ">
    <subfield code="9">101462</subfield>
    <subfield code="a">Salazar Torres, J. Cruz</subfield>
    <subfield code="e">Director de tesis.</subfield>
  </datafield>
  <datafield tag="856" ind1=" " ind2=" ">
    <subfield code="u">http://10.13.5.2/tesis/tl/1411975-3_Pineda_Gleason_Jose_Roberto.pdf</subfield>
    <subfield code="z">DESCARGAR PDF</subfield>
  </datafield>
  <datafield tag="942" ind1=" " ind2=" ">
    <subfield code="2">Clasificaci&#xF3;n Universidad Aut&#xF3;noma Chapingo</subfield>
  </datafield>
  <datafield tag="999" ind1=" " ind2=" ">
    <subfield code="c">219568</subfield>
    <subfield code="d">219568</subfield>
  </datafield>
  <datafield tag="952" ind1=" " ind2=" ">
    <subfield code="0">0</subfield>
    <subfield code="1">0</subfield>
    <subfield code="2">local</subfield>
    <subfield code="4">0</subfield>
    <subfield code="5">1</subfield>
    <subfield code="7">0</subfield>
    <subfield code="8">TesDigL</subfield>
    <subfield code="a">BD</subfield>
    <subfield code="b">BD</subfield>
    <subfield code="c">E_L</subfield>
    <subfield code="d">2024-01-22</subfield>
    <subfield code="l">0</subfield>
    <subfield code="o">Tesis digital</subfield>
    <subfield code="r">2024-01-22 00:00:00</subfield>
    <subfield code="w">2024-01-22</subfield>
    <subfield code="y">TD</subfield>
  </datafield>
</record>
